00574nam a2200193Ia 4500008004100000020001300041082001600054100001900070245002500089250000700114260004500121300002600166500001900192600002000211650002000231942000700251952010700258999001500365240925s9999 xx 000 0 und d a13441962 a384.068 CAR aJoseph, Albert 0aWriting Process 2000 aNA aNew Jersey:bPrintice- Hall Int.c,1996. ax,517p.bNAfOriginal aIncludes Index aSocial Sciences aSocial Sciences cBK 001040708SSaUITUbUITUd2000-08-16eNAl0o384.068 CARpQ2904r2024-09-25 07:12:57w2024-09-25yBK c5403d5403